000 00750cam a2200265 a 4500
999 _c174470
_d174470
001 1954039
003 Nust
005 20180726094404.0
008 870317s1986 sa 000 1 eng
010 _a 87122259
020 _a9780140096231
_cRs. 636
038 _aArshad
040 _aDLC
_cDLC
_dDLC
_dOCoLC
_dDLC
050 0 0 _aPR9369.3.C58
_bF6 1986c
082 0 0 _a823
_bCOE
100 1 _aCoetzee, J. M.,
_d1940-
_91059
245 1 0 _aFoe /
_cJ.M. Coetzee.
260 _aJohannesburg :
_bRavan Press,
_c1986.
300 _a157 p. ;
_c22 cm.
650 0 _aSurvival
_vFiction.
_91060
655 7 _aAllegories.
_2gsafd
_91061
655 7 _aDidactic fiction.
_2gsafd
_91062
906 _a7
_bcbc
_corignew
_d2
_encip
_f19
_gy-gencatlg
942 _2ddc
_cBK